Развитие бизнес-процессов обеспечения производства нефтедобывающих предприятий (Запись № 3078526)

Подробности
000 -МАРКЕР
контрольное поле 01640nam0a2200337 i 4500
001 - ИДЕНТИФИКАТОР ЗАПИСИ
контрольное поле RU\NLR\bibl\1913898
005 - ИДЕНТИФИКАТОР ВЕРСИИ
контрольное поле 20260405110624.0
010 ## - МЕЖДУНАРОДНЫЙ СТАНДАРТНЫЙ НОМЕР КНИГИ (ISBN)
Номер (ISBN) 9785431201110
Тираж 300
021 ## - НОМЕР ГОСУДАРСТВЕННОЙ РЕГИСТРАЦИИ
Код страны российская федерация
Номер 2012-38469
Номер Листа государственной регистраци 2852
035 ## - ДРУГИЕ СИСТЕМНЫЕ НОМЕРА
Идентификатор записи (nilc)RSL-KNO-005444951
035 ## - ДРУГИЕ СИСТЕМНЫЕ НОМЕРА
Идентификатор записи (NLR Aleph) 001903417
100 ## - ДАННЫЕ ОБЩЕЙ ОБРАБОТКИ
Данные общей обработки 20120604d2012 u y0rusy50 ca
101 0# - ЯЗЫК РЕСУРСА
Язык текста, звукозаписи и т.д. русский
102 ## - СТРАНА ПУБЛИКАЦИИ ИЛИ ПРОИЗВОДСТВА
Страна публикации российская федерация
105 ## - ПОЛЕ КОДИРОВАННЫХ ДАННЫХ: ТЕКСТОВЫЕ МАТЕРИАЛЫ, МОНОГРАФИЧЕСКИЕ
Кодированные данные о монографическом текстовом документе a |||||||||
200 1# - ЗАГЛАВИЕ И СВЕДЕНИЯ ОБ ОТВЕТСТВЕННОСТИ
Основное заглавие Развитие бизнес-процессов обеспечения производства нефтедобывающих предприятий
Сведения, относящиеся к заглавию монография
Первые сведения об ответственности С. Б. Колесова, В. И. Некрасов
Последующие сведения об ответственности М-во образования и науки РФ, ФГБОУ ВПО "Удмуртский гос. ун-т", Ин-т нефти и газа им. М. С. Гуцериева
210 ## - ПУБЛИКАЦИЯ, РАСПРОСТРАНЕНИЕ И ДР.
Место издания, распространения и т.д. Ижевск
Имя издателя, распространителя и т. д. Удмуртский ун-т
Дата издания, распространения и т.д. 2012
215 ## - ФИЗИЧЕСКАЯ ХАРАКТЕРИСТИКА
Специфическое обозначение материала и объем 168 с.
Другие сведения о физической характеристике ил., табл.
Размеры 20
320 ## - ПРИМЕЧАНИЯ О НАЛИЧИИ В ДОКУМЕНТЕ БИБЛИОГРАФИИ / УКАЗАТЕЛЯ
Текст примечания Библиогр.: с. 148-157
606 1# - НАИМЕНОВАНИЕ ТЕМЫ КАК ПРЕДМЕТ
Наименование темы Нефтяная промышленность
Тематический подзаголовок Предпринимательство
Географический подзаголовок Российская Федерация
Системный номер авторитетной/нормативной записи 2214773
Идентификатор авторитетной/нормативной записи RU\NLR\auth\661330272
686 ## - ИНДЕКСЫ ДРУГИХ КЛАССИФИКАЦИЙ
Индекс У9(2)305.652.511-210.3,0
Код системы
686 ## - ИНДЕКСЫ ДРУГИХ КЛАССИФИКАЦИЙ
Индекс У30(2)565.2-13(2Р)
700 #1 - ИМЯ ЛИЦА - ПЕРВИЧНАЯ ОТВЕТСТВЕННОСТЬ
Начальный элемент ввода Колесова
Часть имени, кроме начального элемента ввода С. Б.
Расширение инициалов личного имени Светлана Борисовна
Код отношения Автор
701 #1 - ИМЯ ЛИЦА - АЛЬТЕРНАТИВНАЯ ОТВЕТСТВЕННОСТЬ
Код отношения Автор
Материалы, к которым относится поле rus
Графика поля Кириллица
Начальный элемент ввода Некрасов
Часть имени, кроме начального элемента ввода В. И.
Дополнения к именам, кроме дат нефтяник
Даты 1957-
Расширение инициалов личного имени Владимир Иванович
Идентификатор авторитетной/нормативной записи RU\NLR\auth\7741765
Системный номер авторитетной/нормативной записи 24713
801 #0 - ИСТОЧНИК ЗАПИСИ
Страна российская федерация
Организация RuMoRKP
Дата составления 20120604
Правила каталогизации rcr
801 #1 - ИСТОЧНИК ЗАПИСИ
Страна российская федерация
Организация РГБ
Дата составления 20120604
801 #2 - ИСТОЧНИК ЗАПИСИ
Страна российская федерация
Организация NLR
Дата составления 20120613
Правила каталогизации rcr
942 ## - ДОПОЛНИТЕЛЬНЫЕ ЭЛЕМЕНТЫ ЗАПИСИ (АБИС)
Тип экземпляра АБИС Книга
980 ## - КОЛЛЕКЦИЯ
Название коллекции НБР

Нет доступных экземпляров.